00600nam a2200193 a 4500001001300000003000900013005001700022008004100039020002700080082001700107100002600124245006400150260004900214300000900263500003500272505005200307650002100359700002600380nice12345678IN_TiNIC20260116013729.0050524s1998 alba grp 000 0 eng  a0791493 c1155.7500a704.948bCOL aColeman, Earle Jerome aCreativity and Spirituality, Bonds Between Art and Religion aAlbany bState University of New York c1998 a237p aincludes index and biblioraphy2 aSelrcted Bibliography, Abbreviation, Commentary aArt and Religion1 aColeman, Earle Jerome